000 00538nam a22001817a 4500
005 20251108165330.0
008 250721s1983 xx 000 0 ara d
082 1 4 _a636.1/أنس
100 1 _aانسمنجر، م . ى
245 1 0 _aالخيل و الفروسية /
264 1 _aبغداد :
_bوزارة التعليم العالي و البحث العلمي،
_c1983.
300 _a
650 1 7 _aالخيل
650 1 7 _aالفروسية
700 1 _aغزال، توفيق
_eترجمة
942 _2ddc
_cBK
999 _c25323
_d25323